000 00348nam a2200133Ia 4500
005 20260328104259.0
008 260328s9999||||xx |||||||||||||| ||und||
100 _aPardo, Cecilia
245 0 _aModelando el Mundo. Imagenes de la Arquitectura Precolombina /
_cCecilia Pardo
260 _bMali
300 _a228 p.
650 _aPERÚ
942 _cBK
999 _c10540
_d10540